| 000 | 01018nam a2200229Ia 4500 | ||
|---|---|---|---|
| 001 | 9655 | ||
| 003 | GE_BSU | ||
| 008 | 181216s||||||||xx |||||||||||||| ||und|| | ||
| 040 | _cGE_BSU | ||
| 080 | _a821.353.1–1+821.353.1-144+821.353.1-11 | ||
| 100 | _aმარგიანი,რევაზ | ||
| 245 | _aთითმის ყველა ჩემი წიგნიდან 1934-1967 | ||
| 245 | _bერთტომეული. ლექსები.ბალადები.პოემები | ||
| 245 | _cრედ. ალიო ადამია.მხატვ. დავით დუნდუა | ||
| 260 | _aთბილისი | ||
| 260 | _bსაბჭოთა საქართველო | ||
| 260 | _c1970 | ||
| 300 | _a534გვ.1ფ.პორტრ.20სმ. | ||
| 653 | _aერთტომეული. ლექსები.ბალადები.პოემები | ||
| 653 | _aთითმის ყველა ჩემი წიგნიდან | ||
| 942 | _cBK | ||
| 999 |
_c42939 _d42939 |
||